000 00725cab a2200229 4500
001 WB3438-31
008 090401t1998 xxu||||| |||| 00| 0 eng d
035 _a(Sirsi) u88846
041 _aeng
245 _a£250,000 border skirmish
260 _c1998
350 _a0
490 _aGuardian
_v5 October 1998, 3(2)
520 _aDiscusses the background of a £250,000 hedge and ditch dispute involving a worthless strip of land which is about to go before the House of Lords. (Insley and Wibberley)
650 _aBoundary disputes
_96221
650 _aHEDGE AND DITCH RULE
650 _aNEIGHBOUR DISPUTES
650 _aSTRIP OF LAND
690 _aPROPERTY LAW AND PRACTICE
942 _n0
948 _c06/10/1998
999 _c56185
_d56185